000 00603cam a22002053a 4500
001 39123
003 PGUSA
005 20140828083852.0
008 120310s2012||||xxu|||||s|||||000 | eng d
040 _aPGUSA
_beng
042 _adc
100 1 _aHolyoake, George Jacob,
_d1817-1906
245 1 0 _aLife and Character of Richard Carlile
_h[electronic resource] /
_cGeorge Jacob Holyoake
260 _bProject Gutenberg,
_c2012
506 _aPublic domain in the USA.
516 _aElectronic text
830 0 _aProject Gutenberg
_v39123
856 4 0 _uhttp://www.gutenberg.org/ebooks/39123
942 _cEB
999 _c268376
_d268376